Berühmte Komponisten nach Lebzeiten - Statistiken

Allgemein
  • Dieses Quiz wurde 521 mal gespielt
    515 seit der letzten Aktualisierung
  • Das Durchschnittsergebnis liegt bei 24 aus 47
Antwortstatistiken
Hint Antwort % Korrekt
1756-1791 Wolfgang Amadeus Mozart
99%
1685-1750 Johann Sebastian Bach
97%
1770-1827 Ludwig van Beethoven
97%
1685-1758 Georg Friedrich Händel
80%
1813-1883 Richard Wagner
80%
1732-1809 Joseph Haydn
78%
1797-1828 Franz Schubert
76%
1678-1741 Antonio Vivaldi
75%
1810-1849 Frédéric Chopin
71%
1833-1897 Johannes Brahms
71%
1825-1899 Johann Strauss
71%
1864-1949 Richard Strauß
71%
1819-1896 Clara Schumann
69%
1813-1901 Guiseppe Verdi
69%
1810-1856 Robert Schumann
69%
1811-1886 Franz Liszt
62%
1840-1893 Pjotr Iljitsch Tschaikowski
58%
1860-1911 Gustav Mahler
55%
1841-1904 Antonin Dvorak
54%
1858-1924 Giacomo Puccini
52%
1862-1918 Claude Debussy
47%
1843-1907 Edvard Grieg
46%
1809-1847 Felix Mendelssohn-Bartholdy
45%
1792-1868 Gioachino Rossini
45%
1875-1937 Maurice Ravel
44%
1824-1896 Anton Bruckner
43%
1824-1884 Bedrich Smetana
42%
1838-1875 Georges Bizet
41%
1567-1643 Claudio Monteverdi
40%
1681-1767 Georg Philipp Telemann
40%
1874-1951 Arnold Schönberg
39%
1882-1971 Igor Strawinsky
37%
1865-1957 Jean Sibelius
37%
1918-1990 Leonard Bernstein
35%
1895-1982 Carl Orff
34%
1881-1945 Bela Bartok
33%
1819-1880 Jacques Offenbach
32%
1750-1825 Antonio Salieri
31%
1898-1937 George Gershwin
31%
1835-1921 Camille Saint-Saëns
30%
1928-2007 Karlheinz Stockhausen
29%
1659-1659 Henry Purcell
28%
1714-1787 Christoph Willibald Gluck
27%
1913-1976 Benjamin Britten
26%
1873-1943 Sergei Wassiljewitsch Rachmaninow
26%
1839-1881 Modest Petrowitsch Mussorgski
25%
1900-1950 Kurt Weill
19%
Keine übereinstimmenden Quizze gefunden
Verteilung der Resultate
Anzahl Personen mit jedem Resultat
Perzentil nach korrekt beantworteten Fragen
Ihre Resultats-Entwicklung
Sie haben dieses Quiz seit der letzten Aktualisierung nicht gespielt